Statistics for Famous Neighborhoods Quiz

Click here to take the quiz!

General Stats

  • This quiz has been taken 15,402 times
    (12,186 since last reset)
  • The average score is 12 of 21

Answer Stats

Neighborhood City % Correct
Notting HillLondon
95%
Greenwich VillageNew York
92%
South BeachMiami
84%
MontparnasseParis
78%
French QuarterNew Orleans
77%
GangnamSeoul
76%
WaikikiHonolulu
75%
ShibuyaTokyo
71%
GeorgetownWashington D.C.
70%
CopacabanaRio de Janeiro
69%
Haight-AshburySan Francisco
68%
Lincoln ParkChicago
59%
The RocksSydney
47%
DharaviMumbai
42%
Jamaica PlainBoston
41%
PudongShanghai
39%
ChristianshavnCopenhagen
38%
Temple BarDublin
37%
San Marco Venice
31%
Victoria PeakHong Kong
30%
BuckheadAtlanta
25%

Score Distribution

Percentile by Number Answered

Percent of People with Each Score

Your Score History

You have not taken this quiz since the last reset